000 00659nam a22001937a 4500
003 OSt
005 20250815031919.0
008 250815b |||||||| |||| 00| 0 eng d
020 _a978-971-9655-52-7
040 _aDWC-Main Lib
_cOC
082 _aFil. 303.403 S416 2018
100 _aTabotabo, Claudio V.
245 _aScience technology & society/
_cClaudio V. Tabotabo [and seven others]
260 _aIntramuros, Manila, Philippines :
_bMindshapers Co. Inc.,
_cc2023.
300 _avi, 166 pages :
_billustrations ;
_c23cm.
504 _aIncludes bibliographical references.
650 _a1. Science-- Social Aspects.
942 _2ddc
_cBK - FIL
_kFil.
_n0
999 _c3961
_d3961